000 00529nam a22001577a 4500
005 20231101122126.0
008 231101b |||||||| |||| 00| 0 eng d
020 _a062111989
041 _aEnglish
082 _a346.7 MAL
100 _aMalan, FR, Oelofse AN and Pretorius JT
_lEnglish
245 _aProposals for the Reform of the Bills of Exchange Act, 1964 /
_cFR Malan, AN Oelofse and JT Pretorius
300 _bxxi, 833 pages ;
_c30,5 cm.
650 _aLegal practice
_bLaw
942 _cBK
_6ALISON_BN_VRIES
999 _c217
_d217